[Event "AUT-ch Vor4 Internet"]
[Site "Playchess.com INT"]
[Date "2020.04.25"]
[Round "4"]
[White "Fattinger, Matthias"]
[Black "Dorner, Guenther"]
[Result "0-1"]
[WhiteElo "1621"]
[BlackElo "1787"]
[PlyCount "54"]
[EventDate "2020.04.25"]
[EventType "swiss (blitz)"]
[EventRounds "9"]
[EventCountry "AUT"]
[SourceTitle "EXT 2021"]
[Source "ChessBase"]
[SourceDate "2020.10.23"]
[SourceVersion "1"]
[SourceVersionDate "2020.10.23"]
[SourceQuality "1"]

1. c4 Nf6 2. Nc3 g6 3. d4 d5 4. cxd5 Nxd5 5. e4 Nxc3 6. bxc3 Bg7 7. Nf3 c5 8. Be3 Qa5 9. Bd2 Nc6 10. d5 Ne5 11. c4 Qc7 12. Nxe5 Bxe5 13. Rb1 0-0 14. Bh6 Rd8 15. h4 e6 16. Qf3 exd5 17. exd5 Bf5 18. h5 Bxb1 19. hxg6 fxg6 20. Be3 Rf8 21. Qh3 Bc3+ 22. Kd1 Bf5 23. Qh6 Rf7 24. Be2 Re8 25. Qg5 Qe5 26. Bf4 Qxe2+ 27. Kc1 Qc2# 0-1

[Event "AUT-ch Vor2 Internet"]
[Site "Playchess.com INT"]
[Date "2020.04.13"]
[Round "1"]
[White "Dorner, Guenther"]
[Black "Gallob, Marko"]
[Result "0-1"]
[WhiteElo "1787"]
[BlackElo "1961"]
[PlyCount "40"]
[EventDate "2020.04.13"]
[EventType "swiss (blitz)"]
[EventRounds "9"]
[EventCountry "AUT"]
[SourceTitle "CBM 195 Extra"]
[Source "ChessBase"]
[SourceDate "2020.05.31"]
[SourceVersion "1"]
[SourceVersionDate "2020.05.31"]
[SourceQuality "1"]

1. e4 e6 2. d4 d5 3. Nc3 Nf6 4. exd5 Nxd5 5. Bd2 Be7 6. Nf3 c5 7. dxc5 Nc6 8. Bb5 Bxc5 9. 0-0 Nde7 10. Ne4 Bb6 11. Bb4 a6 12. Ba4 Qxd1 13. Raxd1 Bc7 14. Bxe7 Kxe7 15. Bxc6 bxc6 16. Nd4 Bb7 17. Nc5 Rab8 18. Nxb7 Rxb7 19. Nxc6+ Kf6 20. b3 Bf4 0-1

[Event "AUT-ch Vor2 Internet"]
[Site "Playchess.com INT"]
[Date "2020.04.13"]
[Round "5"]
[White "Dorner, Guenther"]
[Black "Moerzinger, Christian Jr"]
[Result "1-0"]
[WhiteElo "1787"]
[BlackElo "1638"]
[PlyCount "53"]
[EventDate "2020.04.13"]
[EventType "swiss (blitz)"]
[EventRounds "9"]
[EventCountry "AUT"]
[SourceTitle "CBM 195 Extra"]
[Source "ChessBase"]
[SourceDate "2020.05.31"]
[SourceVersion "1"]
[SourceVersionDate "2020.05.31"]
[SourceQuality "1"]

1. e4 e5 2. Nf3 Nc6 3. Bb5 a6 4. Ba4 b5 5. Bb3 d6 6. 0-0 g6 7. c3 Bg7 8. d4 Nf6 9. Re1 0-0 10. h3 Nh5 11. d5 Ne7 12. a4 f5 13. axb5 a5 14. exf5 Bxf5 15. g4 Bxb1 16. Rxb1 Nf4 17. Bxf4 Rxf4 18. Ng5 h6 19. Ne6 Qd7 20. Nxf4 exf4 21. c4 a4 22. Bc2 h5 23. Re6 Rf8 24. gxh5 gxh5 25. Qxh5 f3 26. Rbe1 Rf5 27. Bxf5 1-0

[Event "AUT-ch Vor2 Internet"]
[Site "Playchess.com INT"]
[Date "2020.04.13"]
[Round "6"]
[White "Klinglmair, Guenter"]
[Black "Dorner, Guenther"]
[Result "0-1"]
[WhiteElo "1483"]
[BlackElo "1787"]
[PlyCount "50"]
[EventDate "2020.04.13"]
[EventType "swiss (blitz)"]
[EventRounds "9"]
[EventCountry "AUT"]
[SourceTitle "CBM 195 Extra"]
[Source "ChessBase"]
[SourceDate "2020.05.31"]
[SourceVersion "1"]
[SourceVersionDate "2020.05.31"]
[SourceQuality "1"]

1. Nf3 c5 2. g3 d5 3. Bg2 Nc6 4. 0-0 e5 5. d3 Nf6 6. Re1 Be7 7. Bg5 0-0 8. c3 Bg4 9. Bxf6 Bxf6 10. Nbd2 Re8 11. e4 d4 12. cxd4 cxd4 13. Rc1 Qd7 14. Qc2 Rac8 15. Qa4 a6 16. Nc4 b5 17. Qxa6 bxc4 18. Rxc4 Ne7 19. Rxc8 Rxc8 20. h3 Bxh3 21. Bxh3 Qxh3 22. Nh4 Bxh4 23. gxh4 Ng6 24. f3 Nf4 25. Rf1 Qg2# 0-1

[Event "AUT-ch Vor2 Internet"]
[Site "Playchess.com INT"]
[Date "2020.04.13"]
[Round "2"]
[White "Tischler, Michel"]
[Black "Dorner, Guenther"]
[Result "1-0"]
[WhiteElo "1517"]
[BlackElo "1787"]
[PlyCount "67"]
[EventDate "2020.04.13"]
[EventType "swiss (blitz)"]
[EventRounds "9"]
[EventCountry "AUT"]
[SourceTitle "CBM 195 Extra"]
[Source "ChessBase"]
[SourceDate "2020.05.31"]
[SourceVersion "1"]
[SourceVersionDate "2020.05.31"]
[SourceQuality "1"]

1. e4 c5 2. Nf3 d6 3. d4 cxd4 4. Nxd4 Nf6 5. Nc3 a6 6. Bc4 e6 7. 0-0 b5 8. Bb3 Be7 9. f4 0-0 10. Kh1 Bb7 11. Qe2 b4 12. e5 bxc3 13. exf6 Bxf6 14. bxc3 d5 15. Bb2 Nd7 16. Rae1 Nc5 17. Rf3 a5 18. a4 Ba6 19. Qd1 Rb8 20. Nc6 Qc7 21. Nxb8 Rxb8 22. Rh3 Qb6 23. f5 Nxb3 24. cxb3 Qxb3 25. Qxb3 Rxb3 26. Ba1 e5 27. Rhe3 e4 28. g3 Bc8 29. g4 h5 30. h3 hxg4 31. hxg4 Ra3 32. c4 Rxe3 33. Rxe3 Bxa1 34. cxd5 1-0

[Event "Innsbruck op-A 1st"]
[Site "Innsbruck"]
[Date "2017.09.02"]
[Round "9"]
[White "Peyrer, Konstantin"]
[Black "Dorner, Guenther"]
[Result "1-0"]
[WhiteElo "2078"]
[BlackElo "1913"]
[PlyCount "27"]
[EventDate "2017.08.25"]
[EventType "swiss"]
[EventRounds "9"]
[EventCountry "AUT"]
[SourceTitle "CBM 180 Extra"]
[Source "ChessBase"]
[SourceDate "2017.10.06"]
[SourceVersion "1"]
[SourceVersionDate "2017.10.06"]
[SourceQuality "1"]

1. d4 d6 2. Nf3 g6 3. g3 Bg7 4. Bg2 Nd7 5. 0-0 e6 6. e4 Ne7 7. c3 0-0 8. Nbd2 a5 9. Re1 e5 10. Nf1 Re8 11. h4 f5 12. Qb3+ d5 13. exd5 Kh8 14. Ng5 1-0

[Event "AUT-chT2W 1617"]
[Site "Austria"]
[Date "2017.03.03"]
[Round "9.6"]
[White "Dorner, Guenther"]
[Black "Jedinger, Andreas"]
[Result "1-0"]
[WhiteElo "1917"]
[BlackElo "2120"]
[PlyCount "65"]
[EventDate "2016.10.28"]
[EventType "team-tourn"]
[EventRounds "11"]
[EventCountry "AUT"]
[SourceTitle "CBM 177 Extra"]
[Source "ChessBase"]
[SourceDate "2017.04.27"]
[SourceVersion "1"]
[SourceVersionDate "2017.04.27"]
[SourceQuality "1"]
[WhiteTeam "Bregenz II"]
[BlackTeam "Rochade Rum"]
[WhiteTeamCountry "AUT"]
[BlackTeamCountry "AUT"]

1. e4 e5 2. Nf3 Nc6 3. Bb5 Nge7 4. 0-0 g6 5. c3 Bg7 6. d4 exd4 7. cxd4 a6 8. Ba4 b5 9. Bb3 0-0 10. Bf4 d6 11. h3 Na5 12. Nc3 Nxb3 13. Qxb3 Be6 14. d5 Bd7 15. Rfd1 h6 16. e5 g5 17. Bh2 dxe5 18. Nxe5 Bf5 19. g4 Bxe5 20. Bxe5 Ng6 21. Bg3 Bd7 22. Ne4 Qe7 23. Re1 Nf4 24. Bxf4 gxf4 25. Qc3 f5 26. Nc5 Qf7 27. Ne6 Bxe6 28. Rxe6 fxg4 29. Rxh6 Qg7 30. Qc6 Qe7 31. Qg6+ Qg7 32. Qe6+ Qf7 33. Qxg4+ 1-0

[Event "AUT-chT2W 1617"]
[Site "Austria"]
[Date "2017.01.22"]
[Round "8.2"]
[White "Schiestl, Josef"]
[Black "Dorner, Guenther"]
[Result "1-0"]
[WhiteElo "2123"]
[BlackElo "1917"]
[PlyCount "75"]
[EventDate "2016.10.28"]
[EventType "team-tourn"]
[EventRounds "11"]
[EventCountry "AUT"]
[SourceTitle "CBM 177 Extra"]
[Source "ChessBase"]
[SourceDate "2017.04.27"]
[SourceVersion "1"]
[SourceVersionDate "2017.04.27"]
[SourceQuality "1"]
[WhiteTeam "Zillertal"]
[BlackTeam "Bregenz II"]
[WhiteTeamCountry "AUT"]
[BlackTeamCountry "AUT"]

1. e4 c5 2. Nf3 d6 3. d4 cxd4 4. Nxd4 Nf6 5. Nc3 a6 6. Be3 b5 7. a4 b4 8. Nd5 Nxd5 9. exd5 Bb7 10. Bc4 Qc7 11. Qe2 g6 12. 0-0 Bg7 13. Rfc1 0-0 14. c3 Qa5 15. Nb3 Qd8 16. cxb4 Nd7 17. Na5 Qb8 18. Qd2 Ne5 19. Be2 Rc8 20. Rxc8+ Bxc8 21. f4 Ng4 22. Bd4 Bxd4+ 23. Qxd4 Bd7 24. Nc6 Bxc6 25. dxc6 Nh6 26. Rc1 Nf5 27. Qf2 Qxb4 28. c7 Rc8 29. Bxa6 Rxc7 30. Rxc7 Qxa4 31. Bf1 Qd1 32. b4 d5 33. b5 d4 34. b6 Qb1 35. b7 Kg7 36. Qc2 Qb6 37. Bd3 Ne3 38. Qb1 1-0

[Event "Arber op 5th"]
[Site "Bodenmais"]
[Date "2016.08.02"]
[Round "4"]
[White "Dorner, Guenther"]
[Black "Vavra, Pavel"]
[Result "0-1"]
[WhiteElo "1939"]
[BlackElo "2383"]
[PlyCount "68"]
[EventDate "2016.07.30"]
[EventType "swiss"]
[EventRounds "9"]
[EventCountry "GER"]
[SourceTitle "CBM 173 Extra"]
[Source "ChessBase"]
[SourceDate "2016.08.29"]
[SourceVersion "1"]
[SourceVersionDate "2016.08.29"]
[SourceQuality "1"]

1. e4 e6 2. d4 d5 3. Nc3 Bb4 4. exd5 exd5 5. Bd3 Ne7 6. Nge2 Bf5 7. Bxf5 Nxf5 8. Qd3 Qf6 9. 0-0 c6 10. Bf4 Nd7 11. Rad1 0-0 12. Ng3 Nd6 13. Nce2 g6 14. c3 Ba5 15. h4 Ne4 16. Nxe4 dxe4 17. Qg3 Qe6 18. Bh6 Rfe8 19. Nf4 Qf5 20. d5 Ne5 21. dxc6 bxc6 22. Qg5 Ng4 23. Ne2 Nxh6 24. Qxh6 Qg4 25. Nd4 Re5 26. f3 exf3 27. Rxf3 c5 28. Nc6 Re2 29. Rf2 Rxf2 30. Kxf2 Qxd1 31. Ne7+ Kh8 32. Qg5 Qd6 33. Nd5 f6 34. Qd2 Rd8 0-1

[Event "AUT-chT2W 0102"]
[Site "Austria"]
[Date "2002.03.08"]
[Round "9.5"]
[White "Fuerlinger, Harald"]
[Black "Dorner, Guenther"]
[Result "1/2-1/2"]
[WhiteElo "2126"]
[BlackElo "2089"]
[PlyCount "33"]
[EventDate "2001.10.12"]
[EventType "team"]
[EventRounds "11"]
[EventCountry "AUT"]
[SourceTitle "EXT 2002"]
[Source "ChessBase"]
[SourceDate "2001.11.25"]
[SourceVersion "1"]
[SourceVersionDate "2001.11.25"]
[SourceQuality "1"]

1. Nf3 c5 2. c4 e6 3. e3 Nf6 4. Nc3 b6 5. d4 cxd4 6. exd4 Bb7 7. a3 d5 8. cxd5 Nxd5 9. Bb5+ Bc6 10. Qa4 Qd6 11. Ne4 Qd7 12. Ne5 Bxb5 13. Qb3 Ba4 14. Qc4 Bb5 15. Qb3 Ba4 16. Qc4 Bb5 17. Qb3 1/2-1/2

[Event "AUT-chT2W 0102"]
[Site "Austria"]
[Date "2001.11.25"]
[Round "6.5"]
[White "Dorner, Guenther"]
[Black "Jedinger, Andreas"]
[Result "1-0"]
[WhiteElo "2089"]
[BlackElo "2101"]
[PlyCount "103"]
[EventDate "2001.10.12"]
[EventType "team"]
[EventRounds "11"]
[EventCountry "AUT"]
[SourceTitle "EXT 2002"]
[Source "ChessBase"]
[SourceDate "2001.11.25"]
[SourceVersion "1"]
[SourceVersionDate "2001.11.25"]
[SourceQuality "1"]

1. e4 e5 2. Nf3 Nc6 3. Bb5 a6 4. Ba4 Nf6 5. Qe2 b5 6. Bb3 Bc5 7. c3 0-0 8. 0-0 d5 9. d3 d4 10. Bg5 h6 11. Bh4 Re8 12. Nbd2 dxc3 13. bxc3 Bb7 14. Rfd1 b4 15. cxb4 Bxb4 16. Rac1 g5 17. Bg3 Bxd2 18. Rxd2 Rc8 19. Rxc6 Bxc6 20. Nxe5 Rxe5 21. Bxe5 Nd7 22. Bd4 Nf8 23. Bc3 Qe7 24. Qh5 Kh7 25. Qxf7+ Qxf7 26. Bxf7 Ng6 27. g3 Rd8 28. Be6 h5 29. Bf5 Kh6 30. f3 Rb8 31. Kf2 Rb1 32. d4 Bb5 33. d5 Ne7 34. Bh3 Rc1 35. Bb2 Rb1 36. Ke3 Re1+ 37. Kd4 Ng6 38. Kc5 g4 39. Bg2 gxf3 40. Bxf3 Kg5 41. Kb4 Rb1 42. Ka5 Re1 43. Bd4 Rc1 44. Bd1 Ne7 45. Be3+ Kg6 46. a4 Bf1 47. Bc2 Re1 48. Bf4 Ra1 49. Bxc7 Ra2 50. Bd8 Nc8 51. e5+ Kf7 52. Bg6+ 1-0

[Event "AUT-chT2W 0001"]
[Site "Austria"]
[Date "2000.11.26"]
[Round "5.4"]
[White "Dorner, Guenther"]
[Black "Marzari, Adalbert"]
[Result "1/2-1/2"]
[WhiteElo "2118"]
[BlackElo "1946"]
[PlyCount "81"]
[EventDate "2000.??.??"]
[EventType "team"]
[EventRounds "9"]
[EventCountry "AUT"]
[SourceTitle "EXT 2002"]
[Source "ChessBase"]
[SourceDate "2001.11.25"]
[SourceVersion "1"]
[SourceVersionDate "2001.11.25"]
[SourceQuality "1"]

1. e4 e5 2. Nf3 Nc6 3. Bb5 a6 4. Ba4 Nf6 5. Qe2 b5 6. Bb3 Bc5 7. c3 Qe7 8. a4 b4 9. a5 Rb8 10. Bc4 0-0 11. 0-0 d6 12. h3 Ra8 13. Re1 Bb7 14. d3 Nd8 15. Be3 Ne6 16. Nbd2 Bxe3 17. fxe3 c6 18. Bxe6 Qxe6 19. cxb4 Nd7 20. Rac1 Rac8 21. d4 d5 22. Nxe5 Nxe5 23. dxe5 Qxe5 24. exd5 cxd5 25. Nb3 Rxc1 26. Rxc1 Re8 27. Re1 g6 28. Nc5 Bc8 29. Kf1 Qf6+ 30. Qf2 Qc6 31. Qd2 Qf6+ 32. Kg1 Qc6 33. Qd4 Bf5 34. Rf1 h5 35. Qf4 Re7 36. Qb8+ Kh7 37. Qb6 Qe8 38. Nxa6 Rxe3 39. Nc7 Qe5 40. Nxd5 Re2 41. Nf4 1/2-1/2

[Event "AUT-chT2W 0001"]
[Site "Austria"]
[Date "2000.10.27"]
[Round "1.4"]
[White "Dorner, Guenther"]
[Black "Kratochwil, Christian"]
[Result "0-1"]
[WhiteElo "2118"]
[BlackElo "2250"]
[PlyCount "112"]
[EventDate "2000.??.??"]
[EventType "team"]
[EventRounds "9"]
[EventCountry "AUT"]
[SourceTitle "EXT 2002"]
[Source "ChessBase"]
[SourceDate "2001.11.25"]
[SourceVersion "1"]
[SourceVersionDate "2001.11.25"]
[SourceQuality "1"]

1. e4 c5 2. c3 d5 3. exd5 Qxd5 4. d4 e6 5. Nf3 Nf6 6. Nbd2 Nc6 7. Bc4 Qd8 8. Nb3 cxd4 9. Nbxd4 Nxd4 10. Qxd4 Qxd4 11. Nxd4 a6 12. Bf4 b5 13. Be2 Bb7 14. Bf3 Bxf3 15. Nxf3 Nd5 16. Bg3 Bc5 17. 0-0 f6 18. Rad1 Kf7 19. Rfe1 Rad8 20. Rd3 Nb6 21. Red1 Rxd3 22. Rxd3 e5 23. Nd2 Ke6 24. Kf1 f5 25. f3 Na4 26. Nb3 Bb6 27. Rd2 Rd8 28. Rxd8 Bxd8 29. f4 Bc7 30. fxe5 Bxe5 31. Bf2 Kd5 32. Nd4 g6 33. Nf3 Nxb2 34. Nxe5 Kxe5 35. Ke2 Ke4 36. Bb6 f4 37. Bd4 Nc4 38. h4 Ne3 39. Kf2 a5 40. Bb6 Nd1+ 41. Ke1 Nxc3 42. Bxa5 Kd3 43. Kf2 Nxa2 44. Kf3 b4 45. Bxb4 Nxb4 46. Kxf4 Nd5+ 47. Kg5 Ke4 48. h5 gxh5 49. Kxh5 Nf6+ 50. Kg5 Ke5 51. g3 Ke6 52. Kf4 Ng8 53. Kg5 Ke5 54. Kh4 Kf6 55. Kg4 Kg6 56. Kh4 Nf6 0-1

[Event "Seefeld op 11th"]
[Site "Seefeld"]
[Date "2000.09.22"]
[Round "7"]
[White "Schett, Franz"]
[Black "Dorner, Guenther"]
[Result "0-1"]
[WhiteElo "1702"]
[BlackElo "2118"]
[PlyCount "79"]
[EventDate "2000.09.16"]
[EventType "swiss"]
[EventRounds "9"]
[EventCountry "AUT"]
[SourceTitle "EXT 2001"]
[Source "ChessBase"]
[SourceDate "2000.11.22"]
[SourceVersion "1"]
[SourceVersionDate "2000.11.22"]
[SourceQuality "1"]

1. e4 c5 2. Nf3 Nc6 3. d4 cxd4 4. Nxd4 g6 5. c3 Bg7 6. Be3 Nf6 7. Nxc6 bxc6 8. Nd2 0-0 9. Be2 d5 10. e5 Nd7 11. f4 f6 12. exf6 Bxf6 13. 0-0 e6 14. Nf3 c5 15. Qd2 Qc7 16. Ng5 Nb6 17. Bg4 Qd6 18. Ne4 Qc6 19. Nxc5 Nc4 20. Qe2 Be7 21. b4 Nxe3 22. Qxe3 Rf6 23. Nb3 Rb8 24. Rfe1 Rb6 25. Kh1 Qc7 26. g3 Rc6 27. Rac1 Bf8 28. Bf3 Bg7 29. a4 a6 30. Nd4 Rb6 31. a5 Rb8 32. Bg4 Kh8 33. h4 Bd7 34. Nb3 Re8 35. Nc5 Bc8 36. Kh2 Rf7 37. h5 Rfe7 38. Qd3 gxh5 39. Bxh5 Rf8 40. Bf3 0-1

[Event "Seefeld op 11th"]
[Site "Seefeld"]
[Date "2000.09.19"]
[Round "4"]
[White "Dorner, Guenther"]
[Black "Niedermayr, Horst"]
[Result "1/2-1/2"]
[WhiteElo "2118"]
[BlackElo "2227"]
[PlyCount "79"]
[EventDate "2000.09.16"]
[EventType "swiss"]
[EventRounds "9"]
[EventCountry "AUT"]
[SourceTitle "EXT 2001"]
[Source "ChessBase"]
[SourceDate "2000.11.22"]
[SourceVersion "1"]
[SourceVersionDate "2000.11.22"]
[SourceQuality "1"]

1. e4 d5 2. exd5 Qxd5 3. Nc3 Qa5 4. Nf3 Nf6 5. g3 c6 6. Bg2 Bg4 7. h3 Bxf3 8. Qxf3 e6 9. 0-0 Nbd7 10. d4 Bb4 11. Ne4 Nxe4 12. Qxe4 Nf6 13. Qe2 0-0 14. c3 Bd6 15. a4 a6 16. Bd2 Rfe8 17. b4 Qf5 18. Rac1 e5 19. dxe5 Bxe5 20. Qf3 Qxf3 21. Bxf3 Rad8 22. Rfd1 h6 23. Kg2 Rd3 24. Be1 Red8 25. Rxd3 Rxd3 26. Be2 Rd8 27. f4 Bc7 28. Kf3 Kf8 29. Rd1 Rxd1 30. Bxd1 a5 31. c4 axb4 32. Bxb4+ Ke8 33. Bc3 Ke7 34. g4 g6 35. h4 Bb6 36. Bc2 h5 37. gxh5 gxh5 38. a5 Bc5 39. Bf5 Ne8 40. Bc2 1/2-1/2

[Event "Seefeld op 11th"]
[Site "Seefeld"]
[Date "2000.09.18"]
[Round "3"]
[White "Moosleitner, Hugo"]
[Black "Dorner, Guenther"]
[Result "0-1"]
[WhiteElo "1803"]
[BlackElo "2118"]
[PlyCount "70"]
[EventDate "2000.09.16"]
[EventType "swiss"]
[EventRounds "9"]
[EventCountry "AUT"]
[SourceTitle "EXT 2001"]
[Source "ChessBase"]
[SourceDate "2000.11.22"]
[SourceVersion "1"]
[SourceVersionDate "2000.11.22"]
[SourceQuality "1"]

1. Nf3 e6 2. d4 d5 3. e3 Bd6 4. c4 c6 5. Nc3 f5 6. cxd5 exd5 7. b3 Nf6 8. Nd2 0-0 9. Qc2 Ne4 10. Ncxe4 fxe4 11. f4 exf3 12. Nxf3 Bf5 13. Bd3 Bxd3 14. Qxd3 Nd7 15. 0-0 Qe7 16. a4 Rae8 17. Ra2 Nf6 18. Re2 Ne4 19. Bd2 Rf6 20. Be1 Re6 21. Nd2 Qd7 22. g3 h5 23. Nxe4 Rxe4 24. Rf3 Qe7 25. Bd2 Qe6 26. Kg2 g5 27. Be1 g4 28. Rf1 Qg6 29. Qd2 R4e7 30. Qc2 Re4 31. Qd2 a6 32. Kh1 Be7 33. Bf2 Bg5 34. Qc2 Qf5 35. Qb1 Qf3+ 0-1

[Event "AUT-chT2W 9900"]
[Site "Austria"]
[Date "2000.01.23"]
[Round "8"]
[White "Dorner, Guenther"]
[Black "Haemmerle, Gernot"]
[Result "1/2-1/2"]
[WhiteElo "2085"]
[BlackElo "1888"]
[PlyCount "76"]
[EventDate "1999.10.15"]
[EventType "team"]
[EventRounds "11"]
[EventCountry "AUT"]
[SourceTitle "EXT 2000"]
[Source "ChessBase"]
[SourceDate "1999.11.16"]
[SourceVersion "1"]
[SourceVersionDate "1999.11.16"]
[SourceQuality "1"]

1. e4 c6 2. d4 d5 3. exd5 cxd5 4. c4 Nf6 5. Nc3 Nc6 6. cxd5 Nxd5 7. Bc4 e6 8. Nf3 Be7 9. 0-0 0-0 10. Bb3 Bf6 11. Ne4 Be7 12. a3 b6 13. Bc2 Ba6 14. Re1 Rc8 15. Nfg5 Nxd4 16. Bd3 Bxd3 17. Qxd3 Nf5 18. g4 h6 19. gxf5 exf5 20. Ng3 hxg5 21. Qxf5 g6 22. Qf3 Nf4 23. Bxf4 gxf4 24. Qxf4 Bd6 25. Qf3 Bxg3 26. hxg3 Rc2 27. Rad1 Qc7 28. Qf6 Rc6 29. Re7 Rxf6 30. Rxc7 Re8 31. Kf1 a5 32. b4 Re5 33. Rd4 Rf3 34. a4 Ref5 35. Rc2 Rxg3 36. Rd6 Ra3 37. Rxb6 Rxa4 38. bxa5 Raxa5 1/2-1/2

[Event "AUT-chT2W 9900"]
[Site "Austria"]
[Date "2000.01.22"]
[Round "7"]
[White "Dorner, Guenther"]
[Black "Laske, Erich"]
[Result "1-0"]
[WhiteElo "2085"]
[BlackElo "2053"]
[PlyCount "138"]
[EventDate "1999.10.15"]
[EventType "team"]
[EventRounds "11"]
[EventCountry "AUT"]
[SourceTitle "EXT 2000"]
[Source "ChessBase"]
[SourceDate "1999.11.16"]
[SourceVersion "1"]
[SourceVersionDate "1999.11.16"]
[SourceQuality "1"]

1. e4 d6 2. d4 Nf6 3. Nc3 c6 4. h3 Nbd7 5. Nf3 e5 6. a4 a5 7. Bc4 Be7 8. 0-0 0-0 9. Bg5 Re8 10. Re1 h6 11. Bh4 Nh7 12. Bg3 Ng5 13. dxe5 Nxf3+ 14. Qxf3 Nxe5 15. Bxe5 dxe5 16. Rad1 Bd7 17. Bxf7+ Kh8 18. Bxe8 Qxe8 19. Ne2 Bc5 20. Ng3 Be6 21. Rd2 Qg6 22. Red1 Qg5 23. Nf5 Rf8 24. Qg4 Qf6 25. Qh4 Kh7 26. Qxf6 Rxf6 27. Nh4 Rf4 28. Nf3 Rxe4 29. Re1 Rxe1+ 30. Nxe1 e4 31. Kh2 g5 32. g3 Kg6 33. Ng2 Kf6 34. Ne3 h5 35. Rd8 Ke5 36. Rh8 Bf7 37. Rb8 b6 38. Kg2 Be6 39. Rh8 Bf7 40. Rh6 Bd6 41. Kf1 b5 42. axb5 cxb5 43. c3 a4 44. Ke1 b4 45. Rxd6 Kxd6 46. cxb4 Be6 47. h4 gxh4 48. gxh4 Kc6 49. Kd2 Kd6 50. Kc3 Ke5 51. b5 Kf4 52. Kd4 Kf3 53. Nd1 Bc8 54. Kc5 Kg4 55. Kc6 Kxh4 56. Ne3 Kg5 57. Kc7 h4 58. Kxc8 h3 59. Nf1 Kf4 60. Nh2 e3 61. fxe3+ Kg3 62. b6 Kxh2 63. b7 Kg2 64. b8Q Kf3 65. Qf4+ Ke2 66. e4 Kd1 67. e5 Kc2 68. Qh2+ Kb3 69. e6 Ka2 1-0

[Event "AUT-chT2W 9900"]
[Site "Austria"]
[Date "1999.10.16"]
[Round "2"]
[White "Scheffknecht, Philipp"]
[Black "Dorner, Guenther"]
[Result "0-1"]
[WhiteElo "2087"]
[BlackElo "2089"]
[PlyCount "130"]
[EventDate "1999.10.15"]
[EventType "team"]
[EventRounds "11"]
[EventCountry "AUT"]
[SourceTitle "EXT 2000"]
[Source "ChessBase"]
[SourceDate "1999.11.16"]
[SourceVersion "1"]
[SourceVersionDate "1999.11.16"]
[SourceQuality "1"]

1. e4 c5 2. Nf3 Nc6 3. d4 cxd4 4. Nxd4 g6 5. c4 Bg7 6. Be3 Nf6 7. Nc3 d6 8. Be2 0-0 9. 0-0 Bd7 10. Qd2 Rc8 11. Rac1 Ne5 12. b3 Neg4 13. Bg5 h6 14. Bxg4 Nxg4 15. Bh4 g5 16. Bg3 Qa5 17. Rfd1 Rfe8 18. Ndb5 a6 19. Nd4 b5 20. cxb5 axb5 21. f3 Nf6 22. Nce2 Qxd2 23. Rxd2 Rxc1+ 24. Nxc1 Nh5 25. Bf2 Rc8 26. Rc2 Rxc2 27. Nxc2 Nf4 28. Bd4 e5 29. Ba7 d5 30. exd5 Nxd5 31. Nd3 f6 32. Kf2 Bf8 33. Nc5 Bc6 34. Ne6 Bd6 35. Bc5 Bxc5+ 36. Nxc5 Kf7 37. a4 bxa4 38. bxa4 Ke7 39. Ne3 Nxe3 40. Kxe3 f5 41. Kd3 Kd6 42. Kc4 Bd5+ 43. Kb4 h5 44. Nb3 h4 45. Nd2 Bc6 46. a5 Kd5 47. Kc3 Bb5 48. g3 hxg3 49. hxg3 Be2 50. Kb3 Kd4 51. Kb4 Ba6 52. Nb3+ Ke3 53. Nc5 Be2 54. Ne6 Kxf3 55. Nxg5+ Kxg3 56. Nf7 Kf4 57. Kc5 e4 58. Kd4 e3 59. Nd6 Bg4 60. Kd3 Kf3 61. a6 Kf2 62. a7 Bf3 63. Nxf5 e2 64. Nd4 e1Q 65. Nxf3 Qe3+ 0-1

[Event "AUT-chT2W 9899"]
[Site "Austria"]
[Date "1999.03.14"]
[Round "9.5"]
[White "Dorner, Guenther"]
[Black "Burschowsky, Matthias"]
[Result "1/2-1/2"]
[WhiteElo "2087"]
[BlackElo "2129"]
[PlyCount "33"]
[EventDate "1998.10.??"]
[EventType "team"]
[EventRounds "9"]
[EventCountry "AUT"]
[SourceTitle "EXT 2000"]
[Source "ChessBase"]
[SourceDate "1999.11.16"]
[SourceVersion "1"]
[SourceVersionDate "1999.11.16"]
[SourceQuality "1"]

1. e4 c5 2. Nf3 e6 3. d3 Nc6 4. g3 g6 5. c3 d5 6. Nbd2 Bg7 7. Bg2 Nge7 8. 0-0 0-0 9. Re1 e5 10. exd5 Nxd5 11. Nc4 Re8 12. Qb3 Nc7 13. Be3 Ne6 14. Rad1 Na5 15. Nxa5 Qxa5 16. d4 exd4 17. cxd4 1/2-1/2

[Event "AUT-chT2W 9899"]
[Site "Austria"]
[Date "1999.03.12"]
[Round "7.5"]
[White "Dorner, Guenther"]
[Black "Baerner, Helmut"]
[Result "1-0"]
[WhiteElo "2087"]
[BlackElo "2151"]
[PlyCount "111"]
[EventDate "1998.10.??"]
[EventType "team"]
[EventRounds "9"]
[EventCountry "AUT"]
[SourceTitle "EXT 2000"]
[Source "ChessBase"]
[SourceDate "1999.11.16"]
[SourceVersion "1"]
[SourceVersionDate "1999.11.16"]
[SourceQuality "1"]

1. e4 d5 2. exd5 Qxd5 3. Nc3 Qa5 4. d4 Nf6 5. Nf3 c6 6. Bc4 Bg4 7. 0-0 e6 8. Re1 Nbd7 9. Bd2 Qb6 10. d5 Nxd5 11. Bxd5 cxd5 12. Nxd5 Qc6 13. Nd4 Bxd1 14. Nxc6 bxc6 15. Nc7+ Kd8 16. Nxa8 Bh5 17. Ba5+ Kc8 18. Nc7 Kb7 19. Ne8 Rg8 20. Bc3 Kc8 21. Re4 Kd8 22. Nxg7 Bxg7 23. Bxg7 Rxg7 24. Ra4 Bf3 25. g3 c5 26. Rxa7 Rg4 27. Ra3 Bc6 28. Rd1 Re4 29. Rad3 Kc7 30. b3 f6 31. Re3 Ne5 32. h3 Rd4 33. Rxd4 cxd4 34. Re2 Nf3+ 35. Kf1 Bb5 36. a4 d3 37. axb5 dxe2+ 38. Kxe2 Nd4+ 39. Kd3 Nxb5 40. c4 Nd6 41. b4 Kc6 42. f4 Nf5 43. g4 Ne7 44. Ke4 Kd6 45. c5+ Kc6 46. h4 Kb5 47. h5 Kxb4 48. g5 fxg5 49. fxg5 Nc6 50. g6 hxg6 51. h6 Nd8 52. h7 Nf7 53. c6 g5 54. c7 g4 55. h8Q Nxh8 56. c8Q 1-0